000 00374nam a22001217a 4500
003 SGT
082 _a891.4309
_bS21M
100 _aसिंह, ओमप्रकाश
245 _aआचार्य नरेंद्रदेव ग्रंथावली
260 _b के. एल. पचौरी प्रकाशन
_c2021
300 _a453
942 _2ddc
_cBK
999 _c31229
_d31229